Pirá (Registo nº 23657)
[ vista simples ]
| 000 -Etiqueta do registo | |
|---|---|
| Valores | 00486nam a22001931i 4500 |
| 010 ## - Número ISBN | |
| ISBN | 9789899558144 |
| 090 ## - | |
| -- | 23657 |
| 100 ## - Dados gerais de processamento | |
| Dados gerais | 20170304u u u0frey50 ba |
| 101 0# - Língua de publicação | |
| -- | por |
| 200 1# - Titulo e menção de responsabilidade | |
| Primeira menção de responsabilidade | Carlos Canhoto |
| Título próprio | Pirá |
| 210 ## - Publicação | |
| Nome do editor | Qual Albatroz |
| Local de publicação | Sintra |
| Data de publicação | 2010 |
| 215 ## - Descrição física | |
| Paginação / Volumes | [32] p. |
| Outras indicações físicas | il. |
| Dimensões | 17 cm |
| 606 ## - Nome comum usado como assunto | |
| ID Autoridade | 187 |
| Palavra de ordem | Histórias para crianças |
| 675 ## - CDU | |
| Notação | 8:087.5 |
| -- | 69 |
| 700 #1 - Autor principal (pessoa individual) | |
| Apelido | Canhoto |
| Nome | Carlos |
| -- | 070 |
| Datas | 1961- |
| 702 #1 - Autor secundário (pessoa individual) | |
| Apelido | Marc |
| -- | 440 |
| Datas | 1976- |
| 801 ## - Fonte de origem | |
| País | PT |
| Regras de catalogação | RPC |
| 990 ## - Elementos KOHA | |
| Tipo de documento | Livro |
| Situação do levantamento | Estado | Biblioteca de origem | Biblioteca de empréstimo | Código de barras | Cota | Permissão de empréstimo | Tipo de documento | Nota relativa ao exemplar |
|---|---|---|---|---|---|---|---|---|
| Completo | Biblioteca Municipal de Viana Do Alentejo | Biblioteca Municipal de Viana Do Alentejo | 0029830 | 8 CAN | Disponível | Livro | 6-10 anos | |
| Completo | Biblioteca Municipal de Viana Do Alentejo Pólo Aguiar | Biblioteca Municipal de Viana Do Alentejo Pólo Aguiar | 0029722 | 8 CAN | Disponível | Livro | 6-10 anos | |
| Completo | Biblioteca Municipal de Viana Do Alentejo Pólo Alcáçovas | Biblioteca Municipal de Viana Do Alentejo Pólo Alcáçovas | 0028690 | 8 CAN | Disponível | Livro | 6-10 anos |